|
|
|
|
| LEADER |
00000cam a22000002c 4500 |
| 001 |
1912625342 |
| 003 |
DE-627 |
| 005 |
20250115055015.0 |
| 007 |
cr uuu---uuuuu |
| 008 |
241217s2016 xx |||||o 00| ||eng c |
| 035 |
|
|
|a (DE-627)1912625342
|
| 035 |
|
|
|a (DE-599)KXP1912625342
|
| 040 |
|
|
|a DE-627
|b ger
|c DE-627
|e rda
|
| 041 |
|
|
|a eng
|
| 084 |
|
|
|a 2,1
|2 ssgn
|
| 100 |
1 |
|
|a Miech, R.A.
|e VerfasserIn
|4 aut
|
| 245 |
1 |
0 |
|a Monitoring the Future National Survey Results on Drug Use, 1975-2015: Volume I, Secondary School Students
|
| 264 |
|
1 |
|a [Erscheinungsort nicht ermittelbar]
|b University of Michigan, Institute for Social Research
|c 2016
|
| 336 |
|
|
|a Text
|b txt
|2 rdacontent
|
| 337 |
|
|
|a Computermedien
|b c
|2 rdamedia
|
| 338 |
|
|
|a Online-Ressource
|b cr
|2 rdacarrier
|
| 700 |
1 |
|
|a Schulenberg, J.E.
|e VerfasserIn
|4 aut
|
| 700 |
1 |
|
|a Bachman, J.G.
|e VerfasserIn
|4 aut
|
| 700 |
1 |
|
|a O'Malley, P.M.
|e VerfasserIn
|4 aut
|
| 700 |
1 |
|
|a Johnston, L.D.
|e VerfasserIn
|4 aut
|
| 787 |
0 |
8 |
|i Forschungsdaten
|a Miech, Richard A.
|t Monitoring the Future: A Continuing Study of American Youth, 2016 (Restricted-Use)
|d [Erscheinungsort nicht ermittelbar] : [Verlag nicht ermittelbar], 2017
|w (DE-627)1840040238
|
| 787 |
0 |
8 |
|i Forschungsdaten
|a Miech, Richard A.
|t Monitoring the Future: A Continuing Study of American Youth, 2015 (Restricted-Use)
|d [Erscheinungsort nicht ermittelbar] : [Verlag nicht ermittelbar], 2017
|w (DE-627)1840040246
|
| 787 |
0 |
8 |
|i Forschungsdaten
|a Schulenberg, John E.
|t Monitoring the Future: Restricted-Use Panel Data, United States, 1976-2019
|d [Erscheinungsort nicht ermittelbar] : [Verlag nicht ermittelbar], 2018
|w (DE-627)1840037296
|
| 856 |
4 |
0 |
|u http://www.monitoringthefuture.org/pubs/monographs/mtf-vol1_2015.pdf
|q application/pdf
|x Verlag
|z lizenzpflichtig
|3 Volltext
|7 1
|
| 856 |
4 |
0 |
|u http://monitoringthefuture.org/pubs.html#monographs
|x Verlag
|z lizenzpflichtig
|3 Volltext
|7 1
|
| 935 |
|
|
|a mkri
|
| 951 |
|
|
|a BO
|
| ELC |
|
|
|a 1
|
| LOK |
|
|
|0 000 xxxxxcx a22 zn 4500
|
| LOK |
|
|
|0 001 4637590868
|
| LOK |
|
|
|0 003 DE-627
|
| LOK |
|
|
|0 004 1912625342
|
| LOK |
|
|
|0 005 20241217044721
|
| LOK |
|
|
|0 008 241217||||||||||||||||ger|||||||
|
| LOK |
|
|
|0 035
|a (DE-2619)ICPSR140918
|
| LOK |
|
|
|0 040
|a DE-2619
|c DE-627
|d DE-2619
|
| LOK |
|
|
|0 092
|o n
|
| LOK |
|
|
|0 852
|a DE-2619
|
| LOK |
|
|
|0 852 1
|9 00
|
| LOK |
|
|
|0 935
|a nacp
|
| LOK |
|
|
|0 939
|a 17-12-24
|b l01
|
| ORI |
|
|
|a SA-MARC-krimdoka001.raw
|